| 000 | 00721nam a22002057a 4500 | ||
|---|---|---|---|
| 999 |
_c19906 _d19906 |
||
| 003 | AR-CdUCM | ||
| 008 | 190523b ||||| |||| 00| 0 spa d | ||
| 040 |
_aMUNICIPALIDAD PROVINCIAL DEL CUSCO _cBIBLIOTECA MUNICIPAL DEL CUSCO |
||
| 082 |
_a202 / _bJ89 |
||
| 100 |
_aJung, C. G. _935447 |
||
| 245 | _aRespuesta a Job / | ||
| 260 |
_aMéxico : _bFondo de cultura económica, _c1964. |
||
| 300 |
_a132 páginas ; _c25 cm. |
||
| 440 |
_nSeccion de Psicologia y Psicoanalisis _941616 |
||
| 505 | _aContenido : El hombre y Yave -- Yave y el pensamiento de duda -- La sabiduría -- La reencarnación... | ||
| 700 |
_aReligión _941617 |
||
| 710 |
_aYavé _tPensamiento de duda _941618 |
||
| 942 |
_2ddc _cLIBROS |
||
| 945 | _arcc | ||